Little and Falace’s dental management of the medically compromised patient

Gorde:
Xehetasun bibliografikoak
Egile nagusia: LITTLE, James W
Formatua: Liburua
Hizkuntza:ingelesa
Argitaratua: Elsevier 2018
Etiketak: Etiketa erantsi
Etiketarik gabe, Izan zaitez lehena erregistro honi etiketa jartzen!

MARC

LEADER 00000nam a22000007a 4500
008 201214b ||||| |||| 00| 0 eng d
020 |a 978-0-323-44355-5 
100 |a LITTLE, James W 
245 |a Little and Falace’s dental management of the medically compromised patient  |c James W. Little, Craig S. Miller [and] Nelson L. Rhodus  |g xxxviii; 675p.; ill 
250 |b 9th ed 
260 |b Elsevier  |c  2018  |h St Louis, Missouri  |i 685064   |l RK55 .L73  |m Dental care  |m Dental care for chronically ill  |m Oral manifestations 
500 |a It includes bibliographical references and index 
942 |a lcc  |c BK 
952 |0 0  |1 0  |2 lcc  |4 0  |7 0  |9 433  |a HOL  |b HOL  |c QZ  |d 2020-12-14  |o RK55 .L73  |p 2020-2163  |r 2020-12-14 00:00:00  |w 2020-12-14  |y BK 
999 |c 217  |d 217